Statistiques concernant 10 plus longs fleuves d'Afrique

Cliquez ici pour prendre le quiz!

Statistiques générales

  • Ce quiz a été pris 137 fois
  • Le résultat moyen est 5 sur 11

Statistiques - réponses

Longueur / kmFleuve% Correct
6,6951Nil
98%
4,7002Congo
93%
4,2003Niger
89%
2,5744Zambèze
73%
1,6419Sénégal
56%
2,0927L'Orange
37%
1,8008Limpopo
19%
1,60010Volta
19%
1,60010Okavango
16%
2,2705Oubangui
15%
2,1536Kasaï
5%

Distribution des résultats

Percentile par nombre de réponses

% des personnes avec chaque résultat

Votre développement - résultats

Vous n’avez pas pris ce quiz